000
00272nam a22001337a 4500
020
_a
0-7214-1718
082
_a
823
_b
LAD/H
100
_a
LADY BIRD
245
_a
100 NURSARY RHYMES
260
_a
UK
_b
LADY BIRD
300
_a
43
650
_a
ENGLISH RHYMES
_z
UK
942
_c
BK
999
_c
1740
_d
1740